000 00829nam a22002177a 4500
001 BD-DhSAU 1838
003 BD-DhSAU
005 20150121113642.0
008 150121b1988 |||||r|||| 000 0 d
040 _aBD-DhSAU
082 _222
_a৬৩১.৮১
_bসহিস্য
100 _aইসলাম, মোঃ শহিদুল
245 _aসার ব্যবহার নির্দেশিকা /
_cমোঃ শহিদুল ইসলাম ও মোঃ সদরুল আমিন
260 _aঢাকা :
_bপ্যাপিরাস প্রেস ;
_c১৯৮৮
300 _a২৮৬ পৃ. :
_b২২ সেমি।
590 _ajoy
650 _aসার ব্যবহার।
650 _aFertilizer.
650 _aAgronomy.
700 _aআমিন, মোঃ সদরুল
942 _2ddc
_cBOOK
999 _c1838
_d1838